000 00353 a2200145 4500
001 152178
040 _cEscola São Tomás de Aquino
100 _aANDRADE, Maria Julieta Drummond
240 1 0 _aLoló e o computador
_lpor
245 1 0 _aLoló e o computador
300 _a48
362 0 _a2005
697 _a*LITERATURA INFANTO JUVENIL
942 _cBK
999 _c152178
_d152178